Chronicle
Elmentve itt :
| Dokumentumtípus: | Cikk |
|---|---|
| Megjelent: |
1991
|
| Sorozat: | Acta biologica
37 No. 1-4 |
| Online Access: | http://acta.bibl.u-szeged.hu/22174 |
| LEADER | 00479nab a2200157 i 4500 | ||
|---|---|---|---|
| 001 | acta22174 | ||
| 005 | 20210526121221.0 | ||
| 008 | 161015s1991 hu o 0|| eng d | ||
| 022 | |a 0563-0592 | ||
| 040 | |a SZTE Egyetemi Kiadványok Repozitórium |b hun | ||
| 041 | |a eng | ||
| 245 | 0 | 0 | |a Chronicle |h [elektronikus dokumentum] |
| 260 | |c 1991 | ||
| 300 | |a 117-120 | ||
| 490 | 0 | |a Acta biologica |v 37 No. 1-4 | |
| 856 | 4 | 0 | |u http://acta.bibl.u-szeged.hu/22174/1/biologica_037_117-120.pdf |z Dokumentum-elérés |